Rainwater harvesting for Agriculture In Dry Areas (Record no. 75)

MARC details
000 -LEADER
fixed length control field 00346nam a22001457a 4500
020 ## - INTERNATIONAL STANDARD BOOK NUMBER
International Standard Book Number 978-1-138-03490-7
041 ## - LANGUAGE CODE
Language code of text/sound track or separate title ENG
100 ## - MAIN ENTRY--PERSONAL NAME
Personal name Oweis.T.Y
245 ## - TITLE STATEMENT
Title Rainwater harvesting for Agriculture In Dry Areas
260 ## - PUBLICATION, DISTRIBUTION, ETC. (IMPRINT)
Place of publication, distribution, etc London
Name of publisher, distributor, etc CRC Press
Date of publication, distribution, etc 2018
300 ## - PHYSICAL DESCRIPTION
Extent 262
650 ## - SUBJECT ADDED ENTRY--TOPICAL TERM
Topical term or geographic name as entry element SWCE
700 ## - ADDED ENTRY--PERSONAL NAME
Personal name Prinz.D , Ahmed Y. Hachum
856 ## - ELECTRONIC LOCATION AND ACCESS
Uniform Resource Identifier SWCE
Holdings
Withdrawn status Lost status Source of classification or shelving scheme Damaged status Not for loan Home library Current library Shelving location Date acquired Cost, normal purchase price Barcode Date last seen Price effective from Koha item type Total Checkouts
    Dewey Decimal Classification     College of Agricultural Engineering and Technology, Dapoli , Library College of Agricultural Engineering and Technology, Dapoli , Library General Stacks 19/10/2020 3495.00 007493 19/10/2020 19/10/2020 Books  
    Dewey Decimal Classification     College of Agricultural Engineering and Technology, Dapoli , Library College of Agricultural Engineering and Technology, Dapoli , Library Book Cart 30/08/2022 3495.00 008100 30/08/2022 30/08/2022 Books  

Contact Us: College of Agricultural Engineering and Technology, Dapoli, Dist.- Ratnagiri
Website: https://dbskkv.org Email: caetlibrary2015@gmail.com